Evaluación de herramientas administrativas con interfaz Web / Edgar Dominguez Sanchez (Registro nro. 16113)
[ vista simple ]
| 000 -LÍDER | |
|---|---|
| fixed length control field | 00521nam a2200133 4500 |
| 008 - ELEMENTOS DE LONGITUD FIJA -- INFORMACIÓN GENERAL | |
| fixed length control field | 0 2003 0a 000 0MEX |
| 050 ## - SIGNATURA TOPOGRAFICA DE LA BIBLIOTECA DEL CONGRESO (LC) | |
| Número de Clasificación | QA76.2I54 M6 D6 2003 |
| 082 ## - NUMERO DE CLASIFICACION DECIMAL DEWEY | |
| Número de Clasificación | 005.3 D671e |
| 100 ## - ASIENTO PRINCIPAL--NOMBRE PERSONAL | |
| Nombre personal | Dominguez Sanchez, Edgar |
| 245 ## - TÍTULO | |
| Título | Evaluación de herramientas administrativas con interfaz Web / Edgar Dominguez Sanchez |
| 300 ## - DESCRIPCIÓN FÍSICA | |
| Extensión | 70 p. / 29 cm. |
| 502 ## - NOTA DE TESIS | |
| Nota de tesis | Monografia. Opción v. I.T.Z. (Sistemas Computacionales) M.M Sandra Martínez Moreno |
| 650 ## - ASIENTO SECUNDARIO DE MATERIA - TERMINO TEMÁTICO | |
| Término temático o nombre geográfico como elemento de entrada | 1.ADMINISTRACION DE REDES \ ADMINISTRACION REMOTA |
| No. biblioteca | No. biblioteca | Número de clasificación | Código de barras/Número de adquisición | Número de copia | Tipo de material |
|---|---|---|---|---|---|
| LUIS G. INCLAN | LUIS G. INCLAN | 005.3 D671e | SC137-2003 | 1 | Libros |
